| 000 | 00971cab a2200253 4500 | ||
|---|---|---|---|
| 001 | WB3045-91 | ||
| 008 | 090401t1994 xxu||||| |||| 00| 0 eng d | ||
| 035 | _a(Sirsi) u16908 | ||
| 041 | _aeng | ||
| 245 | _aTraffic technology | ||
| 260 | _c1994 | ||
| 350 | _a0 | ||
| 490 |
_aSunday Times _v27 November 1994, 2.11(2) |
||
| 520 | _aDiscusses ways in which technology can ease traffic congestion looking at road tolls, electronic navigational equipment and the concept of `road trains` where several cars journey in a tightly packed convoy, their speed and direction automatically controlled by in-car radar sensors and a highway control centre. | ||
| 650 | _aNAVIGATIONAL EQUIPMENT | ||
| 650 | _aROAD TRAINS | ||
| 650 | _aPROPERTY-INFRASTRUCTURE-TRANSPORT INFRASTRUCTURE-ROAD INFRASTRUCTURE | ||
| 650 | _aTECHNOLOGY | ||
| 650 | _aTOLL ROADS | ||
| 650 | _aTRAFFIC CONGESTION | ||
| 690 | _aTRANSPORT AND COMMUNICATIONS | ||
| 942 | _n0 | ||
| 948 | _c04/03/1997 | ||
| 999 |
_c11196 _d11196 |
||